Catálogo público

Food Packaging;by Stanley Sacharow and Roger C. Grittin. (Record no. 172232)

MARC details
000 -CABECERA
campo de control de longitud fija 00676nam a2200241Ia 4500
001 - NÚMERO DE CONTROL
campo de control dia_1687
003 - IDENTIFICADOR DEL NÚMERO DE CONTROL
campo de control CHAP
005 - FECHA Y HORA DE LA ÚLTIMA TRANSACCIÓN
campo de control 20230615124814.0
008 - DATOS DE LONGITUD FIJA--INFORMACIÓN GENERAL
campo de control de longitud fija 220117s1970 xx 000 0 und d
010 ## - NÚMERO DE CONTROL DE LA BIBLIOTECA DEL CONGRESO
Número de control de LC 172232
040 ## - FUENTE DE LA CATALOGACIÓN
Centro/agencia transcriptor CHAP
082 ## - NÚMERO DE LA CLASIFICACIÓN DECIMAL DEWEY
Número de clasificación 664.09 S32
100 ## - ENTRADA PRINCIPAL--NOMBRE DE PERSONA
Nombre de persona Sacharow, Stanley.
9 (RLIN) 101126
245 ## - MENCIÓN DE TÍTULO
Título Food Packaging;by Stanley Sacharow and Roger C. Grittin.
260 ## - PUBLICACIÓN, DISTRIBUCIÓN, ETC.
Lugar de publicación, distribución, etc. Westport, Connecticut, Aui, Publishing Company.
Fecha de publicación, distribución, etc. 1970
300 ## - DESCRIPCIÓN FÍSICA
Extensión 411 p.
500 ## - NOTA GENERAL
Nota general Donación.
650 ## - PUNTO DE ACCESO ADICIONAL DE MATERIA--TÉRMINO DE MATERIA
Término de materia o nombre geográfico como elemento de entrada Alimentos empacados.
9 (RLIN) 151342
901 ## - ELEMENTOS DE DATOS A LOCAL LDA (RLIN)
a 664.09 S32
902 ## - ELEMENTOS DE DATOS B LOCAL, LDB (RLIN)
a M
905 ## - ELEMENTOS DE DATOS E LOCAL, LDE (RLIN)
a 0000001970 EU ILUS0000000000ING00
942 ## - ELEMENTOS DE PUNTO DE ACCESO ADICIONAL (KOHA)
Tipo de ítem Koha Libro
Fuente del sistema de clasificación o colocación Dewey Decimal Classification
Holdings
Estado de retiro Estado de pérdida Fuente del sistema de clasificación o colocación Estado dañado Restricciones de uso No para préstamo Código de colección Localización permanente Ubicación/localización actual Fuente de adquisición Total de préstamos Signatura topográfica completa Código de barras Fecha visto por última vez Número de copia Tipo de ítem Koha
    Dewey Decimal Classification   Préstamo interno   General Ingenieria Agroindustrial Ingenieria Agroindustrial Compra Vale 512   664.09 S32 dia_5260 18/01/2022 Ej. 1 Libro